00655 2200205 4500001002100000005001700021008004100038035002400079041000800103043001200111082000800123090001700131245008700148260010300235300003000338500002800368650002000396850001200416999002100428YOGYA-0511000000063120110510090155.0 ind  0010-051100000000631 aInd aYOPDYOG a792 aDEP 792bSen aSENI pertunjukan tradisional, nilai, fungsi dan tantangannyactim penulis, Sujarno aYogyakartabBalai kajian sejarah dan nilai tradisionalbproyek pemanfaatan kebudayaan daerahc2003 aviii, 86 hlmbilusc21 cm aBibliografi : hlm.67-71 aKesenian rakyat aYOPDYOG aCB-D.11 2003-364